| 000 | 00633nam a2200241 a 4500 | ||
|---|---|---|---|
| 999 |
_c1241 _d1241 |
||
| 008 | 191212t2004 xxka|||g |||| 001 0 eng d | ||
| 020 |
_a9780273682097 _cRs. 5597.00 |
||
| 040 |
_aKO _beng |
||
| 041 | 0 | _aeng | |
| 044 | _axxk | ||
| 082 | 0 | 4 |
_223 _a658.1599 _bB8565 |
| 100 | 1 | _aBuckley, Adrian | |
| 245 | 1 | 0 |
_aMultinational Finance / _cAdrian Buckley |
| 250 | _a5th ed. | ||
| 260 |
_aHarlow : _bPearson Education Limited, _c2004. |
||
| 300 |
_axvii, 788 p. : _bill. ; _c25 cm. |
||
| 504 | _aIncludes Index. | ||
| 650 | 0 | _aInternational finance | |
| 650 | 0 | _aForeign exchange | |
| 904 | _aA_BOSE | ||
| 942 | _cBK | ||